| 000 | 00547nam a2200181 a 4500 | ||
|---|---|---|---|
| 001 | BRCA_2704 | ||
| 005 | 20190320203930.0 | ||
| 008 | 031208s1961----gw-a---###---#000-0#ger-u | ||
| 050 | 4 |
_aTR1 _b.P56 1961 |
|
| 245 | 1 | 0 |
_aBildquellen Handbuch _bder Wegweiser fur Bildsuchende _cHerausgeber und Bearbeiter Gerhard Ploetz. |
| 260 |
_aWiesbaden, Alemania _bChmielorz GMBH _c1961 |
||
| 300 |
_a611 p. _bil. _c21 cm. |
||
| 500 | _aAA51 | ||
| 650 | 1 | 4 |
_aFotografĂa artĂstica _92547 |
| 700 | 1 |
_aPloetz, Gerhard _eed. _97649 |
|
| 902 | _aGFM | ||
| 942 |
_2lcc _cB |
||
| 999 |
_c2444 _d2444 |
||